Val Kilmer Movies - Statistics

General Stats
  • This quiz has been taken 50 times
  • The average score is 6 of 14
Answer Stats
Release Year Costars Movie % Correct
1986 Tom Cruise, Tim Robbins Top Gun
91%
1995 Tommy Lee Jones, Jim Carrey Batman Forever
74%
2022 Tom Cruise, Jennifer Connelly Top Gun: Maverick
74%
1993 Kurt Russell, Bill Paxton Tombstone
66%
1995 Robert De Niro, Al Pacino Heat
60%
2005 Robert Downey Jr., Michelle Monaghan Kiss Kiss Bang Bang
43%
1988 Warwick Davis, Jean Marsh Willow
43%
1991 Kevin Dillon, Meg Ryan The Doors
40%
1993 Christopher Walken, Gary Oldman True Romance
31%
2006 Denzel Washington, Jim Caviezel Deja Vu
29%
2011 Elle Fanning, Bruce Dern Twixt
17%
2009 Nicolas Cage, Eva Mendes Bad Lieutenant: Port of Call New Orleans
9%
2011 Vincent D'Onofrio, Christopher Walken Kill the Irishman
9%
2013 John Cleese, Cedric the Entertainer Planes
9%
No matching quizzes found
Score Distribution
Percent of People with Each Score
Percentile by Number Answered
Your Score History
You have not taken this quiz